000 00704nam a22002177a 4500
003 UA-OsUOA
001 73104
007 ta
008 20110210b un ||||| |||| 00| 0 ukr d
100 _aКамротов М.
090 _a330
_bК18
942 _cSA
040 _aUA-OsUOA
_brus
_cUA-OsUOA
_dUA-OsUOA
245 _aИндентификация режимов динамики валютного курса доллар-евро: подход на основе реконструкции нелинейных динамических систем
300 _aС.82-99
955 _a0
041 _arus
080 _a330
773 0 _w73101
650 7 _a330 Економіка взагалі
_2UDC
999 _c359389
_d359389